| 000 | 02467nam0a2200421 4500 | ||
|---|---|---|---|
| 001 | RU\NLR\bibl\1484336 | ||
| 005 | 20260407073157.0 | ||
| 010 |
_a878-5-9535-0225-2 _9100 |
||
| 021 |
_aRU _b2010-1604 _996 |
||
| 035 | _a(NLR Aleph) 001475957 | ||
| 090 |
_a1673257 _c1673257 |
||
| 100 | _a20100315d2009 |||y0rusy50 ca | ||
| 101 | 0 |
_arus _aeng _deng |
|
| 102 | _aRU | ||
| 105 | _aa ||||||||| | ||
| 200 | 1 |
_aРоссийские транснациональные корпорации продолжают зарубежную экспансию даже в условиях мирового кризиса _dRussian multinationals continue their outward expansion in spite of global crisis _e(Научный доклад) _f[д.э.н. А. В. Кузнецов, к.э.н. А. С. Четверикова] _gУчреждение Рос. акад. наук, Ин-т мировой экономики и междунар. отношений РАН _zeng |
|
| 210 |
_aМосква _cИМЭМО РАН _d2009 |
||
| 215 |
_a60 с. _cил. _d29 |
||
| 225 | 1 | _aСерия "Библиотека Института мировой экономики и международных отношений" | |
| 300 | _aАвт. указ. на обороте тит. л. | ||
| 300 | _aТекст. парал. на рус. и англ. яз. | ||
| 510 | 1 |
_6z45790 _aRussian multinationals continue their outward expansion in spite of global crisis _zrus |
|
| 606 | 1 |
_aТранснациональные монополии _yРоссийская Федерация _92187946 _3RU\NLR\auth\661315401 |
|
| 606 | 1 |
_aТранснациональные монополии _xИнвестиции капитала _92329173 _3RU\NLR\auth\661392940 |
|
| 686 | _aУ9(2)-13(2Р) | ||
| 686 | _aУ5-56 | ||
| 686 | _aУ9(2)-56(2Р) | ||
| 700 | 1 |
_4070 _8rus _7ca _aКузнецов _bА. В. _cд-р экон. наук, мировая экономика _f1978- _gАлексей Владимирович _3RU\NLR\AUTH\7740707 _923658 |
|
| 701 | 1 |
_aЧетверикова _bА. С. _gАнна Сергеевна _4070 |
|
| 712 | 0 | 2 |
_4570 _aИнститут мировой экономики и международных отношений _cМосква _3RU\NLR\AUTH\883073 _9277290 |
| 790 | 1 |
_6z45 _aKuznecov _bA. V. _4070 |
|
| 790 | 1 |
_6z45 _aČetverikova _bA. S. _4070 |
|
| 801 | 0 |
_aRU _bNLR _c20100315 _gRCR |
|
| 801 | 1 |
_aRU _bNLR _c20100315 |
|
| 942 | _cBOOK | ||
| 980 | _aNB | ||